Jeux d’autorité et de pouvoirs dans l’institution psychiatrique (notice n° 1581803)

détails MARC
000 -LEADER
fixed length control field 01288cam a2200265 4500500
005 - DATE AND TIME OF LATEST TRANSACTION
control field 20251228051404.0
041 ## - LANGUAGE CODE
Language code of text/sound track or separate title fre
042 ## - AUTHENTICATION CODE
Authentication code dc
100 10 - MAIN ENTRY--PERSONAL NAME
Personal name Bourgeois, Didier
Relator term author
245 00 - TITLE STATEMENT
Title Jeux d’autorité et de pouvoirs dans l’institution psychiatrique
260 ## - PUBLICATION, DISTRIBUTION, ETC.
Date of publication, distribution, etc. 2022.<br/>
500 ## - GENERAL NOTE
General note 1
520 ## - SUMMARY, ETC.
Summary, etc. Autorité et pouvoir(s) se dialectisent dans l’institution, et encore plus dans une institution bâtie pour être soignante par elle-même. Ces enjeux polymorphes d’autorité et de pouvoir induisent une dynamique parfois féconde, parfois mortifère. Il ne faut pas les méconnaître.
520 ## - SUMMARY, ETC.
Summary, etc. Dialectization of power and authority in institution is important, all the more in specific psychiatric institution designed and built to be therapeutic. This polymorphic major stakes induce a fruitful or deadly dynamic, important to be known and decrypted.
690 ## - LOCAL SUBJECT ADDED ENTRY--TOPICAL TERM (OCLC, RLIN)
Topical term or geographic name as entry element autorité
690 ## - LOCAL SUBJECT ADDED ENTRY--TOPICAL TERM (OCLC, RLIN)
Topical term or geographic name as entry element hiérarchie
690 ## - LOCAL SUBJECT ADDED ENTRY--TOPICAL TERM (OCLC, RLIN)
Topical term or geographic name as entry element institution psychiatrique
690 ## - LOCAL SUBJECT ADDED ENTRY--TOPICAL TERM (OCLC, RLIN)
Topical term or geographic name as entry element Pouvoir
690 ## - LOCAL SUBJECT ADDED ENTRY--TOPICAL TERM (OCLC, RLIN)
Topical term or geographic name as entry element authority
690 ## - LOCAL SUBJECT ADDED ENTRY--TOPICAL TERM (OCLC, RLIN)
Topical term or geographic name as entry element hierarchy
690 ## - LOCAL SUBJECT ADDED ENTRY--TOPICAL TERM (OCLC, RLIN)
Topical term or geographic name as entry element Power
690 ## - LOCAL SUBJECT ADDED ENTRY--TOPICAL TERM (OCLC, RLIN)
Topical term or geographic name as entry element psychiatric institution
786 0# - DATA SOURCE ENTRY
Note Cliniques | 24 | 2 | 2022-09-15 | p. 113-124 | 2115-8177
856 41 - ELECTRONIC LOCATION AND ACCESS
Uniform Resource Identifier <a href="https://shs.cairn.info/revue-cliniques-2022-2-page-113?lang=fr&redirect-ssocas=7080">https://shs.cairn.info/revue-cliniques-2022-2-page-113?lang=fr&redirect-ssocas=7080</a>

Pas d'exemplaire disponible.

PLUDOC

PLUDOC est la plateforme unique et centralisée de gestion des bibliothèques physiques et numériques de Guinée administré par le CEDUST. Elle est la plus grande base de données de ressources documentaires pour les Étudiants, Enseignants chercheurs et Chercheurs de Guinée.

Adresse

627 919 101/664 919 101

25 boulevard du commerce
Kaloum, Conakry, Guinée

Réseaux sociaux

Powered by Netsen Group @ 2025